Oscura globalización : ensayos sobre crimen como fenómeno mundial /

Detalles Bibliográficos
Otros Autores: Corcuera, Julio (Editor), Sánchez Benavides, Óscar (Editor)
Formato: Electrónico eBook
Lenguaje:español
Publicado: Lima : Universidad Peruana de Ciencias Aplicadas, [2020]
Edición:Primera edición.
Materias:
Acceso en línea:Digitalia Hispánica

MARC

LEADER 00000nam a2200000Ii 4500
001 DIGUPERCA0060
003 NyNyDIG
006 m o d
007 cr |||||||||||
008 211025s2020 pe a ob 000 0 spa d
035 |a (OCoLC)1282640147 
040 |a DGITA  |b eng  |e rda  |e pn  |c DGITA 
020 |a 9786123182601  |q eBook  |q ePub 
020 |a 9786123182595  |q eBook  |q pdf 
020 |z 9786123182588  |q impreso 
050 1 4 |a HV6001 ebook 
245 0 0 |a Oscura globalización :  |b ensayos sobre crimen como fenómeno mundial /  |c Julio Corcuera Portugal y Oscar Sánchez Benavides (eds.) 
250 |a Primera edición. 
264 1 |a Lima :  |b Universidad Peruana de Ciencias Aplicadas,  |c [2020] 
300 |a 1 online resource :  |b illustrations. 
336 |a text  |b txt  |2 rdacontent 
337 |a computer  |b c  |2 rdamedia 
338 |a online resource  |b cr  |2 rdacarrier 
347 |a text file  |2 rdaft 
347 |b EPUB 
347 |b PDF 
504 |a Includes bibliographical references. 
588 0 |a Online resource; title from ePub title page (Digitalia, viewed October 25, 2021) 
650 0 |a Crime and globalization. 
650 0 |a Organized crime. 
650 0 |a Juvenile delinquency. 
650 0 |a Soccer. 
650 0 |a Drug traffic. 
655 0 |a Electronic books. 
700 1 |a Corcuera, Julio,  |e editor. 
700 1 |a Sánchez Benavides, Óscar,  |e editor. 
791 2 |a Digitalia (Firm),  |e distributor. 
793 0 |g Digitalia eBook Collection:  |a Universidad Peruana de Ciencias Aplicadas 
776 0 8 |i Print version:  |t Oscura globalización.  |b Primera edición.  |d Lima : Universidad Peruana de Ciencias Aplicadas, [2020]  |z 9786123182588 
856 4 0 |3 Digitalia Hispánica  |u https://www.digitaliapublishing.com/a/67508/ 
910 |a Premium collection: 2021